POBLES DE L'URGELL - Estadísticas

Estadísticas generales
  • Esta prueba ha sido intentada 35 veces
  • La puntuación promedio es 10 de 20
Estadísticas de respuestas
INICIAL MUNICIPI % Correcto
B Bellpuig
80%
G Guimerà
80%
M Maldà
80%
T Tàrrega
80%
T Tornabous
80%
A Agramunt
60%
A Anglesola
60%
B Belianes
60%
C Ciutadilla
60%
F la Fuliola
60%
P Preixana
60%
V Vilagrassa
60%
O els Omells de na Gaia
40%
N Nalec
40%
V Verdú
40%
C Castellserà
20%
O Ossó de Sió
20%
P Puigverd d'Agramunt
20%
S Sant Martí de Riucorb
20%
V Vallbona de les Monges
20%
No se encontraron pruebas coincidentes
Distribución de puntuación
Porcentaje de gente con cada puntuación
Porcentaje por número respondido
Historial de tus puntuaciones
No has intentado esta prueba.